000 00898cam a22002531 4500
001 ne 65001969
003 DLC
005 20260227111816.0
008 900702m19491954ir ab f000 0 perr
010 _ane 65001969
035 _a(OCoLC)21953397
040 _aDLC
_cWaU
_dOCoLC
_dDLC
042 _apremarc
043 _aa-ir---
050 0 0 _aDS253
_b.A5
110 1 _aIran.
_bSitād-i Artish.
_bDāyirah-i Jughrāfiyā'ī.
245 1 0 _aFarhang-i jughrāfiyāʼī-i Irān.
260 _a[Tihrān],
_bDayirah-i Jughrafiyāʼī-i Sitad-i Artish,
_c1328-1332 [1949-54]
300 _av.
_billus., maps (part fold. col.)
500 _aVols. 1-9 compiled under the general editorship of Hossein ʻAlī Razmārā.
505 1 _av. 1. Astān Markazī.- v. 2. Astān Yakum.- v. 3. Astān Duvum.- v. 4. Astān 3-4: Āzarbāyijān.-
651 0 _aIran
_xGazetteers.
700 1 _aRazmara, Hossein Ali.
999 _c48365
_d48365